| 000 | 00610nam a2200241Ia 4500 | ||
|---|---|---|---|
| 003 | IT-RoPAU | ||
| 008 | 120407s9999 xx 000 0 und d | ||
| 040 | _aIT-RoPAU | ||
| 040 | _cIT-RoPAU | ||
| 041 | _aita | ||
| 100 | _aR. Rouse | ||
| 245 | _a"Storia del movimento ecumenico dal 1517 al 1948. Dalla Conferenza di Edimburgo (1910) all’Assemblea ecumenica di Amsterdam" | ||
| 250 | _aBologna | ||
| 260 | _aEDB | ||
| 260 | _c1982 | ||
| 300 | _a667 p. | ||
| 300 | _c21 cm | ||
| 490 | _aCollana di studi religiosi | ||
| 490 | _v1 | ||
| 700 | _aStephen C. Neill | ||
| 942 | _cBK | ||
| 999 |
_c36291 _d36291 |
||